State Quiz - Acre - Statistics

General Stats
  • This quiz has been taken 12 times
  • The average score is 9 of 15
Answer Stats
Hint Answer % Correct
Forest that covers 86% of Acre Amazon
92%
Brazilian states that border Acre Amazonas
92%
Country that owned Acre before the 1903 Treaty of Petrópolis Bolivia
92%
Country to the west Peru
92%
Brazilian states that border Acre Rondônia
92%
State capital Rio Branco
83%
Predominant racial group Pardo
50%
Acre has the third lowest ________ of all Brazilian states, ahead of Roraima and Amapá Population
50%
The second largest city of "Cruzeiro do Sul" means this in English Southern Cross
50%
Material that boomed in Acre during the late 19th and early 20th century Rubber
42%
Religion founded by Mestre Irineu in Acre Santo {Daime}
42%
Acre is the _______most state of Brazil Western
42%
Environmentalist and union leader assassinated in 1988 Chico Mendes
33%
Like many other Brazilian states, Acre is named for a _____ River
33%
Mind-altering beverage drunk by the above in ceremonies Ayahuasca
25%
No matching quizzes found
Score Distribution
Percent of People with Each Score
Percentile by Number Answered
Your Score History
You have not taken this quiz